000 00528nam a2200193Ia 4500
005 20260429112202.0
008 260429s9999||||xx |||||||||||||| ||und||
020 _a9781647268343
041 _aEnglish
082 _a658.421
_bTHO
100 _aThomson, Otto
245 0 _aEntrepreneurship, digitalization and sustainability /
_cOtto Thomson
250 _a1st ed.
260 _aNew York :
_bClanarye International,
_c2025.
300 _avii, 233 p.; hb
650 _a Entrepreneurship
650 _aDigital
942 _cTB
999 _c52784
_d52784